Public finance review

Enregistré dans:
Détails bibliographiques
Format: Publication en série
Langue:anglais
Publié: Thousand Oaks SAGE Publ.
Sujets:
Tags: Ajouter un tag
Pas de tags, Soyez le premier à ajouter un tag!

MARC

LEADER 00000nas1a2200000 4500
001 s121455
005 20250701092116.5
022 |a 1091-1421 
022 |a 1552-7530 
041 0 |a eng 
044 |a US 
245 1 0 |a Public finance review 
264 1 |a Thousand Oaks  |b SAGE Publ. 
610 2 0 |a financie verejné